Normal view
MARC view
Entry Geographic Name
001 - CONTROL NUMBER
- control field: 9633
003 - CONTROL NUMBER IDENTIFIER
- control field: ARRUPE
005 - DATE AND TIME OF LATEST TRANSACTION
- control field: 20140328144845.0
008 - FIXED-LENGTH DATA ELEMENTS
- fixed length control field: 140328|| aca||aabn | a|a d
040 ## - CATALOGING SOURCE
- Original cataloging agency: ARRUPE
- Transcribing agency: ARRUPE
151 ## - HEADING--GEOGRAPHIC NAME
- Geographic name: Africa
- General subdivision: Social life and customs
- Form subdivision: Encyclopedias.
670 ## - SOURCE DATA FOUND
- Source citation: Work cat.: (ARRUPE)0: Stokes, Jamie. 9630, Encyclopedia of the peoples of Africa and the Middle East /, c2009.